[Event "Championnat de Paris open Fide"]
[Site "Paris"]
[Date "2016.07.10"]
[Round "2.6"]
[White "Antonio, Viani D'Cunha"]
[Black "Abergel, Thal"]
[Result "0-1"]
[WhiteElo "2305"]
[BlackElo "2457"]
[PlyCount "76"]
[EventDate "2016.??.??"]

1. e4 c5 2. Nf3 d6 3. d4 cxd4 4. Nxd4 Nf6 5. Nc3 a6 6. Be2 e5 7. Nb3 Be6 8. O-O
Nbd7 9. a4 Rc8 10. Be3 Be7 11. f3 O-O 12. Rf2 Qc7 13. a5 Qc6 14. g4 Rfd8 15.
Bf1 d5 16. g5 d4 17. Bxd4 Bxb3 18. Be3 Be6 19. gxf6 Nxf6 20. Bd3 Bc5 21. Qc1
Nd7 22. Na4 Bb4 23. Bd2 Nc5 24. Nxc5 Bxd2 25. Qxd2 Qxc5 26. Qe1 Bc4 27. Bxc4
Qxc4 28. Ra3 Qd4 29. c3 Qc5 30. Kh1 Rd3 31. Ra1 Rcd8 32. Qe2 g6 33. Kg2 Kg7 34.
Qc2 Qe3 35. Raf1 Rd2 36. Qb3 R8d3 37. Kg3 Qg5+ 38. Kh3 h5 0-1

[Event "Championnat de Paris open Fide"]
[Site "Paris"]
[Date "2016.07.10"]
[Round "2.7"]
[White "Micottis, Dorian"]
[Black "Loiseau, Quentin"]
[Result "1/2-1/2"]
[WhiteElo "2248"]
[BlackElo "2436"]
[PlyCount "100"]
[EventDate "2016.??.??"]

1. e4 e5 2. Nf3 Nc6 3. Bb5 a6 4. Ba4 Nf6 5. O-O Bc5 6. d3 b5 7. Bb3 d6 8. a4
Bg4 9. c3 b4 10. h3 Bxf3 11. Qxf3 Rb8 12. Bc4 bxc3 13. bxc3 Nd4 14. Qd1 Ne6 15.
Be3 Bxe3 16. fxe3 c6 17. Bxe6 fxe6 18. Nd2 O-O 19. Rb1 d5 20. exd5 exd5 21. d4
Qd6 22. Qc2 c5 23. Rxb8 Rxb8 24. Rb1 Re8 25. Nf3 exd4 26. exd4 Qf4 27. Qd2 Qxd2
28. Nxd2 cxd4 29. cxd4 Re2 30. Nb3 Ra2 31. Nc5 Ne4 32. Nxe4 dxe4 33. Re1 Rxa4
34. Rxe4 Kf7 35. Kf2 Ra2+ 36. Kf3 Rd2 37. g3 a5 38. Re5 a4 39. Ke3 Rg2 40. Kf3
Rb2 41. Ra5 Rb3+ 42. Kf4 a3 43. Ra6 Rd3 44. d5 h5 45. h4 Ke7 46. g4 Rxd5 47.
Rxa3 Rd4+ 48. Kg5 Rxg4+ 49. Kxh5 Rg2 50. Rg3 Rxg3 1/2-1/2

[Event "Championnat de Paris open Fide"]
[Site "Paris"]
[Date "2016.07.10"]
[Round "2.8"]
[White "Mohammad, Fahim"]
[Black "Mohammad Nubairshah"]
[Result "1/2-1/2"]
[WhiteElo "2244"]
[BlackElo "2415"]
[PlyCount "113"]
[EventDate "2016.??.??"]

1. d4 Nf6 2. Nf3 g6 3. c4 Bg7 4. Nc3 O-O 5. e4 d6 6. Be2 e5 7. Be3 exd4 8. Nxd4
Re8 9. f3 c6 10. Bf2 d5 11. exd5 cxd5 12. c5 Nh5 13. Qd2 Nc6 14. O-O Be5 15. g3
Bh3 16. Rfe1 Rc8 17. f4 Bxd4 18. Bxd4 Nxd4 19. Qxd4 Qf6 20. Qf2 d4 21. Nd5 Qc6
22. Qxd4 Qxc5 23. Qxc5 Rxc5 24. Bxh5 Rxe1+ 25. Rxe1 gxh5 26. Nc3 Be6 27. Kf2 b5
28. a3 a5 29. Re5 Rxe5 30. fxe5 b4 31. Ne4 bxa3 32. bxa3 Kg7 33. Ke3 h4 34.
gxh4 Kg6 35. Kf4 h5 36. Nc5 Bd5 37. Nd7 Bb3 38. Nf6 Bd1 39. Ng8 Bc2 40. Ne7+
Kh6 41. Nc6 a4 42. Nd4 Bb1 43. e6 fxe6 44. Nxe6 Bc2 45. Ke5 Kg6 46. Nf4+ Kh6
47. Kf6 Bd1 48. Ne6 Bc2 49. Nd4 Bd1 50. Nf5+ Kh7 51. Kg5 Kg8 52. Ng3 Kh7 53.
Nxh5 Bc2 54. Nf4 Kg7 55. Nh5+ Kh7 56. Ng3 Kg7 57. Nh5+ 1/2-1/2

[Event "Championnat de Paris open Fide"]
[Site "Paris"]
[Date "2016.07.10"]
[Round "2.9"]
[White "Sochacki, Christophe"]
[Black "Rabeyrin, Jean-Jacques"]
[Result "1-0"]
[WhiteElo "2414"]
[BlackElo "2239"]
[PlyCount "87"]
[EventDate "2016.??.??"]

1. b3 d5 2. Bb2 Bf5 3. Nf3 e6 4. e3 Nd7 5. Be2 h6 6. c4 Ngf6 7. cxd5 exd5 8.
Nc3 c6 9. d3 Bd6 10. e4 Bh7 11. O-O O-O 12. exd5 Nxd5 13. Nxd5 cxd5 14. d4 Re8
15. Bd3 Be4 16. Rc1 Qf6 17. Bxe4 Rxe4 18. Ne5 Rd8 19. f3 Rf4 20. g3 Rf5 21. f4
h5 22. Nf3 Qh6 23. Qd3 Rf6 24. Qb5 Re6 25. Ng5 Nf6 26. Nxe6 fxe6 27. Qxb7 Ne4
28. Rc8 Rxc8 29. Qxc8+ Kh7 30. Qe8 h4 31. g4 Bxf4 32. Qh5 Be3+ 33. Kg2 Qxh5 34.
gxh5 Kh6 35. Bc1 Bxc1 36. Rxc1 Kxh5 37. Rc7 g5 38. Rxa7 g4 39. a4 h3+ 40. Kg1
Nd2 41. a5 Nxb3 42. a6 Nxd4 43. Rb7 Nf3+ 44. Kh1 1-0

[Event "Championnat de Paris open Fide"]
[Site "Paris"]
[Date "2016.07.10"]
[Round "2.10"]
[White "Sundararajan, Kidambi"]
[Black "Midonet, Matthieu"]
[Result "1-0"]
[WhiteElo "2456"]
[BlackElo "2213"]
[PlyCount "103"]
[EventDate "2016.??.??"]

1. e4 c5 2. Nf3 Nc6 3. d4 cxd4 4. Nxd4 e5 5. Nb5 d6 6. c4 Be7 7. N1c3 a6 8. Na3
f5 9. exf5 Bxf5 10. g3 Nf6 11. Bg2 O-O 12. O-O Bg4 13. Qd3 Nb4 14. Qe3 Qc7 15.
Bd2 Rac8 16. Ne4 Nc6 17. Bc3 Kh8 18. Rac1 Qd8 19. Nxf6 Bxf6 20. Qd3 Bg5 21.
Rce1 Bf5 22. Qd1 Qd7 23. Nc2 Bg4 24. Qd3 Bf5 25. Be4 Bh3 26. Bxh7 Bxf1 27. Rxf1
Qh3 28. Be4 Rf6 29. f4 Bh6 30. Ne3 Rcf8 31. Nd5 R6f7 32. f5 Bg5 33. Rf3 Qg4 34.
Kg2 Bh6 35. h3 Qg5 36. Ne3 Qd8 37. Ng4 Bg5 38. Bd5 Rc7 39. f6 gxf6 40. h4 Qd7
41. Qg6 Qxg4 42. Rxf6 Ra8 43. Bf3 Ne7 44. Qf7 Nf5 45. Bxg4 Rxf7 46. Rxf7 Nh6
47. Rxb7 Bxh4 48. Be6 Bg5 49. c5 Bf6 50. c6 Bd8 51. c7 Bxc7 52. Rxc7 1-0

[Event "Championnat de Paris open Fide"]
[Site "Paris"]
[Date "2016.07.10"]
[Round "2.11"]
[White "Belkhodja, Slim"]
[Black "Philippe, Guillaume"]
[Result "1-0"]
[WhiteElo "2417"]
[BlackElo "2321"]
[PlyCount "95"]
[EventDate "2016.??.??"]

1. e4 d6 2. Nc3 g6 3. f4 Bg7 4. Nf3 Nf6 5. e5 dxe5 6. fxe5 Nd5 7. Bc4 Nb6 8.
Bb3 c5 9. d3 Nc6 10. Bf4 O-O 11. h3 a5 12. a4 Nd4 13. Nxd4 cxd4 14. Nb5 Be6 15.
Bxe6 fxe6 16. O-O Nd5 17. Bd2 Qb6 18. Qe2 Rf5 19. Qe4 Rxe5 20. Qxd4 Re2 21.
Qxb6 Nxb6 22. Rf2 Rxf2 23. Kxf2 Bxb2 24. Ra2 Bf6 25. Ke2 Nd5 26. c3 Rc8 27. Ra3
Be5 28. Rb3 Rf8 29. c4 Nf4+ 30. Bxf4 Bxf4 31. Nc3 Rb8 32. Rb6 Kf7 33. Ne4 Bc7
34. Ng5+ Kf6 35. Nxh7+ Kf5 36. g4+ Ke5 37. Rb5+ Kd6 38. Ng5 b6 39. Ne4+ Kc6 40.
h4 Rh8 41. h5 gxh5 42. Rxh5 Rxh5 43. gxh5 Bf4 44. d4 Bh6 45. Kd3 Bg7 46. Ng5
Kd7 47. Ke4 Bf6 48. Nf3 1-0

[Event "Championnat de Paris open Fide"]
[Site "Paris"]
[Date "2016.07.10"]
[Round "2.12"]
[White "Pruvot, Louis"]
[Black "Roser, Kevin"]
[Result "1/2-1/2"]
[WhiteElo "2216"]
[BlackElo "2394"]
[PlyCount "64"]
[EventDate "2016.??.??"]

1. d4 Nf6 2. c4 e6 3. Nf3 c5 4. d5 d6 5. Nc3 exd5 6. cxd5 g6 7. Bf4 a6 8. a4
Bg7 9. h3 O-O 10. e3 Re8 11. Be2 Ne4 12. Rc1 Nd7 13. O-O Ndf6 14. Qb3 b6 15.
Rfd1 Bb7 16. Ne1 Rb8 17. Nc2 Nxc3 18. bxc3 Ne4 19. Na3 Qf6 20. Bf3 b5 21. Bxe4
Rxe4 22. axb5 axb5 23. Qxb5 Ree8 24. Rb1 Ra8 25. Qxb7 Rxa3 26. Qc6 Rd8 27. Rb7
Rxc3 28. Rdb1 g5 29. Bg3 h5 30. Rb8 Rxb8 31. Rxb8+ Kh7 32. Rb1 Qf5 1/2-1/2

[Event "Championnat de Paris open Fide"]
[Site "Paris"]
[Date "2016.07.10"]
[Round "2.13"]
[White "Konguvel, Ponnuswamy"]
[Black "Dubois, Loic"]
[Result "1-0"]
[WhiteElo "2379"]
[BlackElo "2271"]
[PlyCount "77"]
[EventDate "2016.??.??"]

1. e4 e6 2. d4 d5 3. Nc3 dxe4 4. Nxe4 Bd7 5. Nf3 Bc6 6. Bd3 Nd7 7. c4 Ngf6 8.
Nc3 Be7 9. O-O Bxf3 10. Qxf3 c6 11. b3 O-O 12. Bb2 Re8 13. Rad1 Qc7 14. Rfe1
Rad8 15. Bb1 Nf8 16. h4 Ng6 17. g3 Qa5 18. c5 Qb4 19. h5 Nf8 20. h6 Rxd4 21.
hxg7 Ng6 22. Na4 Rxd1 23. Rxd1 Nd5 24. a3 Qa5 25. Bc2 Qd8 26. b4 f6 27. Re1 e5
28. Rd1 Kxg7 29. Nc3 Qc8 30. Nxd5 cxd5 31. Rxd5 Rd8 32. Rxd8 Qxd8 33. Qxb7 Qd2
34. Qe4 Qg5 35. c6 Bd8 36. c7 Bxc7 37. Qb7 Nh4 38. Qxc7+ Kf8 39. Qb8+ 1-0

[Event "Championnat de Paris open Fide"]
[Site "Paris"]
[Date "2016.07.10"]
[Round "2.14"]
[White "Spielmann, Alain"]
[Black "Song, Julien"]
[Result "1/2-1/2"]
[WhiteElo "2252"]
[BlackElo "2338"]
[PlyCount "41"]
[EventDate "2016.??.??"]

1. d4 Nf6 2. Nf3 b6 3. Bg5 e6 4. e3 Bb7 5. Bd3 d6 6. c4 h6 7. Bxf6 Qxf6 8. Nc3
g6 9. Be4 Bxe4 10. Nxe4 Qe7 11. Qa4+ c6 12. c5 dxc5 13. dxc5 bxc5 14. Rd1 Bg7
15. Nd6+ Kf8 16. O-O Bxb2 17. Rd2 Bf6 18. Rb1 Nd7 19. Qxc6 Rb8 20. Rxb8+ Nxb8
21. Qxc5 1/2-1/2

[Event "Championnat de Paris open Fide"]
[Site "Paris"]
[Date "2016.07.10"]
[Round "2.15"]
[White "Bellahcene, Bilel"]
[Black "Gahan M G"]
[Result "1/2-1/2"]
[WhiteElo "2498"]
[BlackElo "2249"]
[PlyCount "102"]
[EventDate "2016.??.??"]

1. d4 Nf6 2. c4 g6 3. Nc3 d5 4. Bf4 Bg7 5. e3 c5 6. dxc5 Qa5 7. Rc1 dxc4 8.
Bxc4 Qxc5 9. Nb5 Qb4+ 10. Kf1 O-O 11. a3 Qa5 12. b4 Qd8 13. Qxd8 Rxd8 14. Nc7
b5 15. Nxa8 bxc4 16. Bxb8 Bf5 17. Be5 Rxa8 18. Ne2 Rd8 19. Ke1 Rd5 20. Bd4 e5
21. Bxa7 Bd3 22. f3 Ne8 23. Kf2 Bf8 24. e4 Rd8 25. Be3 Ra8 26. Ra1 f5 27. Nc3
Nf6 28. Bg5 Nd7 29. Rhe1 f4 30. Kg1 Kf7 31. Bh4 Nb8 32. Bf2 Nc6 33. Red1 Nd4
34. Bxd4 exd4 35. Rxd3 cxd3 36. Nd5 d2 37. Rd1 Rxa3 38. Rxd2 Bg7 39. Nxf4 Be5
40. Nd3 Ra1+ 41. Kf2 Bxh2 42. Rc2 g5 43. g3 h5 44. Kg2 Bg1 45. Rc7+ Kf6 46.
Rc6+ Ke7 47. f4 Be3 48. f5 Ra2+ 49. Kf1 Ra1+ 50. Ke2 Ra2+ 51. Ke1 Ra1+ 1/2-1/2

[Event "Championnat de Paris open Fide"]
[Site "Paris"]
[Date "2016.07.10"]
[Round "2.16"]
[White "Eden, James"]
[Black "Fedorchuk, Sergey A"]
[Result "0-1"]
[WhiteElo "2293"]
[BlackElo "2624"]
[PlyCount "64"]
[EventDate "2016.??.??"]

1. e4 c5 2. Nf3 d6 3. d4 cxd4 4. Nxd4 Nf6 5. Nc3 a6 6. h3 g6 7. g4 Bg7 8. Be3
Nc6 9. Bg2 Nd7 10. O-O O-O 11. Qd2 Rb8 12. Rad1 Re8 13. Kh1 Na5 14. b3 b5 15.
Nd5 Bb7 16. Bg5 Bf8 17. f4 Rc8 18. Qe1 Nf6 19. Bxf6 exf6 20. Qd2 Bg7 21. Rfe1
Nc6 22. Nxc6 Bxc6 23. c4 bxc4 24. bxc4 Ba4 25. Rb1 Rxc4 26. Nb6 Rc2 27. Qd3
Rxa2 28. Qc4 Rxg2 29. Nxa4 Rg3 30. Kh2 Rf3 31. f5 d5 32. Qxd5 Qc7+ 0-1

[Event "Championnat de Paris open Fide"]
[Site "Paris"]
[Date "2016.07.10"]
[Round "2.17"]
[White "Kambrath, Yannick"]
[Black "Iglesias, Joachim"]
[Result "0-1"]
[WhiteElo "2376"]
[BlackElo "2281"]
[PlyCount "37"]
[EventDate "2016.??.??"]

1. d4 d6 2. Nf3 Nf6 3. c4 Nbd7 4. Nc3 c6 5. Bg5 Qa5 6. Qc2 e5 7. Bh4 b5 8. cxb5
cxb5 9. e3 Ba6 10. Nd2 Rc8 11. a3 Bb7 12. Bxf6 Nxf6 13. dxe5 dxe5 14. Qf5 Bd6
15. Bxb5+ Ke7 16. Bc4 Bxg2 17. Rg1 g6 18. Qc2 Ba8 19. Qb3 {suite illisible} 0-1

[Event "Championnat de Paris open Fide"]
[Site "Paris"]
[Date "2016.07.10"]
[Round "2.18"]
[White "Bergez, Luc"]
[Black "Aranaz Murillo, Amalia"]
[Result "0-1"]
[WhiteElo "2341"]
[BlackElo "2255"]
[PlyCount "76"]
[EventDate "2016.??.??"]

1. e4 c6 2. d4 d5 3. Nc3 dxe4 4. Nxe4 Bf5 5. Ng3 Bg6 6. Nh3 Nf6 7. Nf4 Nbd7 8.
Bc4 Qc7 9. Qe2 Nb6 10. Bb3 e6 11. h4 O-O-O 12. h5 Bf5 13. Nxf5 exf5 14. Be3 Bd6
15. Qf3 Rde8 16. O-O-O Ng4 17. Bd2 Re4 18. Nd3 g6 19. hxg6 fxg6 20. Qh3 Re2 21.
f3 Nf2 22. Nxf2 Rxf2 23. Kb1 Bf4 24. Ba5 Re8 25. g4 Qd7 26. gxf5 gxf5 27. Bxb6
axb6 28. a3 Kb8 29. d5 c5 30. d6 h6 31. Rd5 Ree2 32. Rhd1 c4 33. Bxc4 Rxc2 34.
Qxf5 Rxb2+ 35. Ka1 Qa4 36. Qd3 Rbd2 37. Qb3 Be5+ 38. Kb1 Rb2+ 0-1

[Event "Championnat de Paris open Fide"]
[Site "Paris"]
[Date "2016.07.10"]
[Round "2.19"]
[White "Rodriguez, Adrien"]
[Black "Msellek, Ilyass"]
[Result "1/2-1/2"]
[WhiteElo "2322"]
[BlackElo "2209"]
[PlyCount "61"]
[EventDate "2016.??.??"]

1. d4 Nf6 2. Nf3 g6 3. g3 Bg7 4. Bg2 O-O 5. O-O d6 6. c4 Nc6 7. Nc3 a6 8. h3
Bd7 9. e4 e5 10. dxe5 dxe5 11. Be3 Qc8 12. Kh2 Rd8 13. Qb1 Nh5 14. b4 Nd4 15.
Nd5 Re8 16. Nxd4 exd4 17. Bg5 Be6 18. Qd3 Qd7 19. Rfe1 Rab8 20. a4 c6 21. Nb6
Qc7 22. c5 a5 23. Bd2 axb4 24. Bxb4 Nf6 25. a5 Nd7 26. f4 Nxb6 27. axb6 Qd7 28.
Rf1 f5 29. e5 Rbd8 30. Rfd1 Qf7 31. Ra7 1/2-1/2

[Event "Championnat de Paris open Fide"]
[Site "Paris"]
[Date "2016.07.10"]
[Round "2.20"]
[White "Alfred, Nathan S W"]
[Black "Louis, Thibault"]
[Result "1/2-1/2"]
[WhiteElo "2264"]
[BlackElo "2307"]
[PlyCount "54"]
[EventDate "2016.??.??"]

1. d4 Nf6 2. Nf3 e6 3. c4 b6 4. g3 Bb4+ 5. Nbd2 c5 6. Bg2 Bb7 7. O-O d5 8. cxd5
Bxd5 9. a3 Bxd2 10. Qxd2 O-O 11. dxc5 bxc5 12. Qc2 Nbd7 13. Bg5 Qb6 14. Nd2
Bxg2 15. Kxg2 Rab8 16. b3 h6 17. Bxf6 Nxf6 18. Rab1 Rfd8 19. Nc4 Qc6+ 20. f3
Rd4 21. Rfd1 Rbd8 22. e3 R4d5 23. e4 Rd4 24. Rxd4 Rxd4 25. Rd1 Nd7 26. Rxd4
cxd4 27. Qd2 e5 1/2-1/2

[Event "Championnat de Paris open Fide"]
[Site "Paris"]
[Date "2016.07.10"]
[Round "2.21"]
[White "Maleki, Manuel"]
[Black "Houhou, Olivier"]
[Result "1-0"]
[WhiteElo "2248"]
[BlackElo "2304"]
[PlyCount "95"]
[EventDate "2016.??.??"]

1. e4 c5 2. Nf3 e6 3. d4 cxd4 4. Nxd4 a6 5. Bd3 Qc7 6. O-O Nf6 7. Qe2 Bd6 8.
Kh1 Nc6 9. Nb3 Bf4 10. N1d2 e5 11. Nc4 d5 12. exd5 Nxd5 13. Be4 Nce7 14. Bxd5
Nxd5 15. Bxf4 Nxf4 16. Qxe5+ Qxe5 17. Nxe5 O-O 18. Nd4 b5 19. Rfd1 Bb7 20. f3
Rfe8 21. Nd3 Nxd3 22. Rxd3 Re5 23. Kg1 Rae8 24. Kf2 a5 25. Rad1 Rd5 26. Nb3 Rc8
27. Rxd5 Bxd5 28. Nd4 Kf8 29. Ke3 Rc5 30. Kd2 Bc4 31. a3 Rg5 32. g4 h5 33. h3
Rd5 34. Kc3 Re5 35. b3 Bd5 36. Kd3 Ke7 37. c4 bxc4+ 38. bxc4 Ba8 39. Rb1 Kd6
40. Rb8 hxg4 41. hxg4 Bc6 42. Rb6 Rc5 43. Rxc6+ Rxc6 44. Nxc6 Kxc6 45. Kd4 f6
46. c5 g6 47. Kc4 g5 48. a4 1-0

[Event "Championnat de Paris open Fide"]
[Site "Paris"]
[Date "2016.07.10"]
[Round "2.22"]
[White "Justo, Damian"]
[Black "Salles, Louis"]
[Result "1/2-1/2"]
[WhiteElo "2304"]
[BlackElo "2207"]
[PlyCount "63"]
[EventDate "2016.??.??"]

1. d4 Nf6 2. Nf3 g6 3. g3 Bg7 4. c4 O-O 5. Bg2 d6 6. Nc3 Nbd7 7. O-O e5 8. Qc2
Re8 9. Rd1 c6 10. b3 Bf8 11. e4 Qc7 12. h3 b5 13. c5 dxc5 14. dxe5 Nh5 15. Bb2
Nxe5 16. Nxe5 Rxe5 17. a4 b4 18. Nb1 Re8 19. Nd2 Ba6 20. Nc4 Ng7 21. Ne3 h5 22.
h4 Ne6 23. Rac1 Rad8 24. f4 Rxd1+ 25. Rxd1 c4 26. Nxc4 Bc5+ 27. Kh1 Nxf4 28.
Ne5 Rxe5 29. Bxe5 Qxe5 30. gxf4 Qe7 31. Bf3 Qxh4+ 32. Qh2 1/2-1/2

[Event "Championnat de Paris open Fide"]
[Site "Paris"]
[Date "2016.07.10"]
[Round "2.23"]
[White "Kathmale, Sameer"]
[Black "Gatineau, Yovann"]
[Result "1/2-1/2"]
[WhiteElo "2298"]
[BlackElo "2206"]
[PlyCount "37"]
[EventDate "2016.??.??"]

1. e4 c5 2. c3 Nf6 3. e5 Nd5 4. Bc4 Nb6 5. Bb3 Nc6 6. Nf3 d5 7. exd6 Qxd6 8.
O-O Be6 9. Na3 Bxb3 10. Qxb3 g6 11. d4 cxd4 12. Nb5 Qb8 13. Ng5 Nd8 14. g3 Bg7
15. Nxd4 O-O 16. Re1 h6 17. Ngf3 Nc6 18. Bf4 Qd8 19. Ne5 1/2-1/2

[Event "Championnat de Paris open Fide"]
[Site "Paris"]
[Date "2016.07.10"]
[Round "2.24"]
[White "Duquesne, Adrien"]
[Black "Kulkarni, Rakesh"]
[Result "0-1"]
[WhiteElo "2241"]
[BlackElo "2296"]
[PlyCount "67"]
[EventDate "2016.??.??"]

1. d4 c5 2. d5 e5 3. c4 d6 4. e4 Be7 5. Nc3 Bg5 6. Nge2 Bxc1 7. Nxc1 Ne7 8. g3
O-O 9. Bg2 f5 10. O-O f4 11. Nd3 Ng6 12. a3 Nd7 13. b4 b6 14. h3 Nf6 15. Kh2 h6
16. g4 Nh4 17. f3 h5 18. Qe1 g5 19. Qe2 Qe7 20. Kg1 Qh7 21. Ra2 Bd7 22. Rf2
hxg4 23. hxg4 Nxg4 24. fxg4 Nxg2 25. Kxg2 Qh4 26. Kg1 Bxg4 27. Qe1 Bh3 28. Rae2
Qg4+ 29. Rg2 Qh5 30. Rh2 Qf3 31. Nf2 Qg3+ 32. Kh1 Bg4 33. Qg1 Bf3+ 34. Rg2 0-1

[Event "Championnat de Paris open Fide"]
[Site "Paris"]
[Date "2016.07.11"]
[Round "3.1"]
[White "Sochacki, Christophe"]
[Black "Moiseenko, Alexander"]
[Result "0-1"]
[WhiteElo "2414"]
[BlackElo "2649"]
[PlyCount "58"]
[EventDate "2016.??.??"]

1. e4 c5 2. Nf3 Nc6 3. c3 d5 4. exd5 Qxd5 5. d4 Nf6 6. Be3 Bg4 7. Be2 cxd4 8.
cxd4 e6 9. O-O Be7 10. Nc3 Qd6 11. h3 Bh5 12. Qb3 O-O 13. Rfd1 Nb4 14. Nb5 Qd8
15. d5 Nbxd5 16. Bxa7 b6 17. Rac1 Bc5 18. Qa4 Qe7 19. g4 Bg6 20. Ne5 Bxf2+ 21.
Kh1 Be4+ 22. Nf3 Nf4 23. Rc7 Nxe2 24. Kg2 Rxa7 25. Qxa7 Qb4 26. Nc3 Nxc3 27.
bxc3 Qb2 28. Rf1 Bc5+ 29. Kg3 Bd6+ 0-1

[Event "Championnat de Paris open Fide"]
[Site "Paris"]
[Date "2016.07.11"]
[Round "3.2"]
[White "Abergel, Thal"]
[Black "Cotonnec, Melkior"]
[Result "1-0"]
[WhiteElo "2457"]
[BlackElo "2313"]
[PlyCount "123"]
[EventDate "2016.??.??"]

1. e4 e6 2. d4 d5 3. Nd2 c5 4. exd5 Qxd5 5. Ngf3 cxd4 6. Bc4 Qd6 7. O-O Nf6 8.
Nb3 Nc6 9. Nbxd4 Nxd4 10. Nxd4 a6 11. Bb3 Qc7 12. Bg5 Bd6 13. Kh1 O-O 14. Qf3
b5 15. Bxf6 gxf6 16. Qxf6 Be5 17. Qh4 Kh8 18. c3 Rg8 19. Bd1 Bb7 20. Bf3 Rg7
21. Rae1 Bxd4 22. Qxd4 Bxf3 23. gxf3 Rag8 24. Rg1 e5 25. Qe4 Qc5 26. Qe3 Qd5
27. Rg3 f6 28. b3 a5 29. Reg1 a4 30. bxa4 bxa4 31. a3 f5 32. Rxg7 Rxg7 33. Rxg7
Kxg7 34. Qg5+ Kh8 35. Qxf5 Qc5 36. Qf6+ Kg8 37. Qd8+ Kf7 38. Qd7+ Kf6 39. Qxa4
Qxf2 40. Qd1 h5 41. a4 Kf5 42. a5 Kf4 43. a6 h4 44. Qa4+ Ke3 45. Qg4 Kd3 46. h3
Kxc3 47. Qg2 Qe3 48. Kh2 Kb3 49. Qf1 Kb4 50. Kg2 Ka5 51. a7 Qxa7 52. Qe1+ Kb6
53. Qxh4 Qa2+ 54. Qf2+ Qxf2+ 55. Kxf2 Kc5 56. Ke3 Kd5 57. Kd3 Ke6 58. Ke4 Kf6
59. h4 Ke6 60. h5 Kf6 61. h6 Kg6 62. Kxe5 1-0

[Event "Championnat de Paris open Fide"]
[Site "Paris"]
[Date "2016.07.11"]
[Round "3.3"]
[White "Mohammad Nubairshah"]
[Black "Shchekachev, Andrei"]
[Result "1-0"]
[WhiteElo "2415"]
[BlackElo "2550"]
[PlyCount "71"]
[EventDate "2016.??.??"]

1. d4 g6 2. c4 Bg7 3. e4 d6 4. Nc3 Nf6 5. h3 O-O 6. Bg5 Nbd7 7. Bd3 c5 8. d5
Ne5 9. Nf3 Nxd3+ 10. Qxd3 a6 11. a4 Nh5 12. Qe3 Qb6 13. O-O-O e5 14. dxe6 Bxe6
15. g4 Nf6 16. e5 dxe5 17. Nxe5 Rae8 18. Qf4 Nh5 19. gxh5 f6 20. hxg6 fxg5 21.
gxh7+ Kxh7 22. Qg3 Rf4 23. Nf3 Rxc4 24. Nxg5+ Kh8 25. Rd6 Qb3 26. Rxe6 Rf8 27.
f4 Qa3 28. Kb1 Qb3 29. Kc1 Qa3 30. Kd2 Qxb2+ 31. Ke1 Bxc3+ 32. Kf1 Qc1+ 33. Kg2
Qd2+ 34. Kf3 Qd5+ 35. Re4 Qd3+ 36. Kg2 1-0

[Event "Championnat de Paris open Fide"]
[Site "Paris"]
[Date "2016.07.11"]
[Round "3.4"]
[White "Moussard, Jules"]
[Black "Konguvel, Ponnuswamy"]
[Result "1-0"]
[WhiteElo "2521"]
[BlackElo "2379"]
[PlyCount "77"]
[EventDate "2016.??.??"]

1. b3 Nf6 2. Bb2 g6 3. f4 Bg7 4. Nf3 O-O 5. g3 b5 6. Bg2 Bb7 7. O-O c5 8. e3 d6
9. Qe2 Qb6 10. d3 Nc6 11. Nbd2 a5 12. a4 Nb4 13. c3 Nc6 14. axb5 Qxb5 15. Ra4
Qb6 16. Ng5 h6 17. Nge4 Nxe4 18. Bxe4 e6 19. Rfa1 d5 20. Bg2 Ne7 21. e4 Bc6 22.
R4a2 a4 23. bxa4 Rxa4 24. Qf2 Rfa8 25. Rxa4 Rxa4 26. Rxa4 Bxa4 27. Ba3 Bxc3 28.
Bxc5 Qb2 29. Nf1 Qb7 30. Qa2 Bb3 31. Qa3 Nc8 32. exd5 exd5 33. Ne3 Bd2 34. Ng4
Qb5 35. Bf1 Nb6 36. Nf6+ Kg7 37. Bd4 Be3+ 38. Bxe3 Kxf6 39. Qd6+ 1-0

[Event "Championnat de Paris open Fide"]
[Site "Paris"]
[Date "2016.07.11"]
[Round "3.5"]
[White "Shirazi, Kamran"]
[Black "Battaglini, Gabriel"]
[Result "1-0"]
[WhiteElo "2350"]
[BlackElo "2462"]
[PlyCount "157"]
[EventDate "2016.??.??"]

1. e4 e6 2. d4 d5 3. Nc3 Bb4 4. Nge2 Nf6 5. e5 Nfd7 6. a3 Be7 7. Be3 c5 8. f4
Nc6 9. Qd2 O-O 10. dxc5 Nxc5 11. Nd4 Bd7 12. Qf2 Nxd4 13. Bxd4 Qc7 14. f5 Rfc8
15. f6 Bf8 16. Be2 gxf6 17. exf6 Kh8 18. Rd1 Bd6 19. Qh4 Rg8 20. O-O Ne4 21.
Kh1 Bc6 22. Rd3 Ng5 23. Rh3 Nxh3 24. Qxh3 e5 25. Bd3 e4 26. Bb5 Rg6 27. Rf5 h6
28. Nxd5 Bxd5 29. Rxd5 Qxc2 30. g3 Bc7 31. Qf1 Bb6 32. Bc3 Rd8 33. Bc4 Rxd5 34.
Bxd5 e3 35. Bxb7 e2 36. Qe1 Rg5 37. Bf3 Rf5 38. Qxe2 Qxe2 39. Bxe2 Rf2 40. Bc4
Kg8 41. b3 Rc2 42. Be5 a5 43. a4 Bc5 44. g4 Bb4 45. h3 Ba3 46. Bc7 Bb4 47. Kg1
Rd2 48. Bf4 Bc5+ 49. Kh1 Rf2 50. Bxh6 Rxf6 51. Bd2 Bb6 52. Be1 Rf4 53. Kg2 Kf8
54. Bg3 Re4 55. g5 Bc5 56. Kf3 Re8 57. h4 Bb4 58. h5 Bd2 59. Kg4 Rd8 60. Be5
Be3 61. Kf5 Bd4 62. Bc7 Rc8 63. Bd6+ Ke8 64. g6 fxg6+ 65. hxg6 Kd7 66. Ke4 Bf6
67. Be5 Ke7 68. g7 Bxg7 69. Bxg7 Kd6 70. Bc3 Kc5 71. Kf5 Ra8 72. Ke6 Ra7 73.
Be1 Ra8 74. Kd7 Kb6 75. Bf2+ Kb7 76. Bd5+ Ka6 77. b4 Rb8 78. b5+ Rxb5 79. Bc4
1-0

[Event "Championnat de Paris open Fide"]
[Site "Paris"]
[Date "2016.07.11"]
[Round "3.6"]
[White "Sundararajan, Kidambi"]
[Black "Manoeuvre, Antoine"]
[Result "1/2-1/2"]
[WhiteElo "2456"]
[BlackElo "2314"]
[PlyCount "77"]
[EventDate "2016.??.??"]

1. d4 Nf6 2. c4 d6 3. Nc3 g6 4. e4 Bg7 5. Be2 O-O 6. Bg5 c5 7. d5 e6 8. Qd2
exd5 9. exd5 Re8 10. Nf3 Bg4 11. O-O Nbd7 12. h3 Bxf3 13. Bxf3 a6 14. Rfe1 Qc7
15. Bf4 Rxe1+ 16. Rxe1 Re8 17. Rxe8+ Nxe8 18. h4 Ne5 19. Be2 h5 20. Ne4 Nf6 21.
Ng5 Nfg4 22. b3 Qd8 23. g3 Qe7 24. Kg2 b6 25. Bf1 Nh6 26. Bd3 Nxd3 27. Qxd3 Nf5
28. Qe4 Kf8 29. Kf1 Bd4 30. Qxe7+ Kxe7 31. Ke2 Bg7 32. Ne4 Bh6 33. Bxh6 Nxh6
34. Kd3 Ng4 35. Ke2 Ne5 36. Nc3 Kd7 37. Ke3 Ng4+ 38. Ke2 Ne5 39. Ke3 1/2-1/2

[Event "Championnat de Paris open Fide"]
[Site "Paris"]
[Date "2016.07.11"]
[Round "3.7"]
[White "Loiseau, Quentin"]
[Black "Mohammad, Fahim"]
[Result "1-0"]
[WhiteElo "2436"]
[BlackElo "2244"]
[PlyCount "85"]
[EventDate "2016.??.??"]

1. Nf3 g6 2. d4 Nf6 3. c4 Bg7 4. Nc3 O-O 5. e4 d6 6. Be2 e5 7. O-O Nc6 8. d5
Ne7 9. Nh4 Nd7 10. g3 f5 11. exf5 gxf5 12. f4 a5 13. Be3 b6 14. Qc2 e4 15. Kh1
Nc5 16. Rad1 Bd7 17. Rg1 Ng6 18. Ng2 a4 19. h3 a3 20. b3 Qe7 21. Kh2 Rf7 22.
Bd4 Bxd4 23. Rxd4 Qf6 24. Rd2 Rg7 25. Ne3 Kh8 26. Bf1 Rag8 27. Rdg2 Qd4 28.
Ncd1 Nd3 29. Qd2 h5 30. Nc2 Qf6 31. Bxd3 exd3 32. Qxd3 h4 33. Qc3 hxg3+ 34.
Rxg3 Qxc3 35. Nxc3 Nxf4 36. Rxg7 Rxg7 37. Rxg7 Kxg7 38. Nxa3 Nd3 39. Nab5 f4
40. Nxc7 f3 41. Ne6+ Kf6 42. Kg3 f2 43. Ne4+ 1-0

[Event "Championnat de Paris open Fide"]
[Site "Paris"]
[Date "2016.07.11"]
[Round "3.8"]
[White "Hemant, Sharma Del"]
[Black "Belkhodja, Slim"]
[Result "1-0"]
[WhiteElo "2299"]
[BlackElo "2417"]
[PlyCount "79"]
[EventDate "2016.??.??"]

1. e4 c5 2. Nc3 Nc6 3. g3 g6 4. Bg2 Bg7 5. d3 d6 6. f4 Nh6 7. Nf3 f5 8. O-O O-O
9. h3 Nf7 10. Kh2 Rb8 11. Be3 b5 12. Qd2 b4 13. Nd1 Be6 14. exf5 Bxf5 15. d4
cxd4 16. Nxd4 Nxd4 17. Bxd4 Bxd4 18. Qxd4 Qb6 19. Qd2 Rfc8 20. Ne3 Be6 21. Rf2
Rc5 22. Raf1 Qd8 23. Nd5 Rbb5 24. Nxb4 Rh5 25. a4 Rbc5 26. Nd3 Rc7 27. f5 Rxf5
28. Nf4 Bc4 29. Re1 e5 30. Nd5 Bxd5 31. Bxd5 Qf6 32. Ref1 e4 33. Rxf5 gxf5 34.
Bxe4 Qxb2 35. Rxf5 Kg7 36. h4 Re7 37. Bd3 Qd4 38. Rf4 Qd5 39. Rg4+ Kf8 40. Rg8+
1-0